00673nam a2200193 4500001000700000003000900007005001700016007000300033008004100036100002600077245008600103250001300189260003200202300003500234700003600269852003300305999001900338952012200357132048ES-MaACL20230906194108.0t|070214s1978 sp r ||||1| spa d1 aRoitt, Ivan M.99903210aInmunología esencial / cIván M. Roitt ; versión de Antonio Arnaiz Villena. a3ª. ed. aBarcelona : bJims, c1978. aXIV, 317 p. : bil. ; c24 cm.1 aArnaiz Villena, Antonio.923025 aES-MaACLjC-29336 bR.100166 c132048d132048 00104070aATENEOMbATENEOMcDEPO2d2008-01-17eSCl0oC-29336p1137478r2023-02-23 00:00:00w2023-02-23yMONOGRAFIA